2. Liga Torschützenkönige - Statistiken

Allgemein
  • Dieses Quiz wurde 46 mal gespielt
  • Das Durchschnittsergebnis liegt bei 28 aus 69
Antwortstatistiken
Saison Hint Name Verein Tore % Korrekt
23/24 Glatzel Robert Deutschland Hamburger SV 22
95%
24/25 Selke Davie Deutschland Hamburger SV 22
92%
15/16 Terodde Simon Deutschland VfL Bochum 25
89%
16/17 Terodde Simon Deutschland VfB Stuttgart 25
89%
18/19 Terodde Simon Deutschland 1.FC Köln 29
89%
21/22 Terodde Simon Deutschland FC Schalke 04 30
89%
22/23 Kleindienst Tim Deutschland 1.FC Heidenheim 25
87%
11/12 Meier Alex Deutschland Eintracht Frankfurt 17
87%
14/15 Hennings Rouwen Deutschland Karlsruher SC 17
84%
23/24 Tabakovic Haris Bosnien Hertha BSC Berlin 22
84%
19/20 Klos Fabian Deutschland Arminia Bielefeld 21
82%
03/04 Mintal Marek Slowakei 1.FC Nürnberg 18
74%
08/09 Mintal Marek Slowakei 1.FC Nürnberg 16
74%
23/24 Tzolis Christos Griechenland Fortuna Düsseldorf 22
71%
04/05 Podolski Lukas Deutschland 1.FC Köln 24
68%
10/11 Petersen Nils Deutschland Energie Cottbus 25
66%
98/99 Labbadia Bruno Deutschland Arminia Bielefeld 28
63%
12/13 Kumbela Domi Kongo Eintracht Braunschweig 19
58%
07/08 Novakovic Milivoje Slowenien 1.FC Köln 20
58%
17/18 Ducksch Marvin Deutschland Holstein Kiel 18
55%
08/09 Auer Benjamin Deutschland Alemannia Aachen 16
53%
03/04 Copado Francisco Spanien SpVgg Unterhaching 18
53%
20/21 Dursun Serdar Türkei SV Darmstadt 98 27
53%
00/01 Wichniarek Artur Polen Arminia Bielefeld 18
53%
01/02 Wichniarek Artur Polen Arminia Bielefeld 20
53%
81/82 Völler Rudi Deutschland TSV1860 München 37
50%
09/10 Thurk Michael Deutschland FC Augsburg 23
47%
06/07 Federico Giovanni Italien Karlsruher SC 19
42%
87/88 Sane Souleymane Senegal SC Freiburg 21
42%
11/12 Proschwitz Nick Deutschland SC Paderborn 07 17
39%
95/96 Walter Fritz Deutschland Arminia Bielefeld 21
39%
77/78 Nord Hrubesch Horst Deutschland Rot Weiss Essen 41
37%
08/09 Makiadi Cedric Kongo MSV Duisburg 16
37%
02/03 Woronin Andrij Ukraine FSV Mainz 05 20
37%
11/12 Occean Olivier Kanada SpVgg Greuther Fürth 17
34%
99/00 Maric Tomislav Kroatien Stuttgarter Kickers 21
32%
05/06 Eigler Christian Deutschland SpVgg Greuther Fürth 18
29%
13/14 Saglik Mahir Türkei SC Paderborn 07 15
29%
82/83 Schatzschneider Dieter Deutschland SC Fortuna Köln Hannover 96 31
29%
84/85 Burgsmüller Manfred Deutschland Rot Weiss Oberhausen 29
26%
88/89 Demandt Sven Deutschland Fortuna Düsseldorf 35
26%
83/84 Wohlfarth Roland Deutschland MSV Duisburg 30
26%
76/77 Süd Emmerich Lothar Deutschland FV Würzburg 04 24
24%
13/14 Sylvestr Jakub Slowakei FC Erzgebirge Aue 15
24%
80/81 Nord Mill Frank Deutschland Rot Weiss Essen 40
21%
96/97 Vier Angelo Deutschland Rot Weiss Essen 18
21%
97/98 Vier Angelo Deutschland FC Gütersloh 18
21%
90/91 Tönnies Michael Deutschland MSV Duisburg 29
18%
89/90 Banach Maurice Deutschland SG Wattenscheid 09 21
16%
00/01 Djappa Olivier Kamerun SSV Reutlingen 05 18
16%
76/77 Nord Gerber Franz Deutschland FC St. Pauli 27
16%
78/79 Nord Günther Emanuel Deutschland Karlsruher_SC 27
16%
79/80 Süd Günther Emanuel Deutschland Karlsruher_SC 29
16%
83/84 Günther Emanuel Deutschland Karlsruher_SC 30
16%
91/92 Süd Preetz Michael Deutschland 1.FC Saarbrücken 17
16%
86/87 Reich Siegfried Deutschland Hannover 96 26
16%
92/93 Reich Siegfried Deutschland VfL Wolfsburg 27
16%
94/95 Rische Jürgen Deutschland VfB Leipzig 17
16%
93/94 Wegmann Uwe Deutschland VfL Bochum 22
16%
85/86 Bunk Leo Deutschland Blau Weiss 90 Berlin 26
11%
91/92 Nord Drulak Radek Tschechien VfB Oldenburg 21
11%
74/75 Nord Graul Volker Deutschland Arminia Bielefeld 29
11%
79/80 Nord Sackewitz Christian Deutschland Arminia Bielefeld 35
11%
75/76 Süd Granitza Karl Heinz Deutschland SV Röchling Völklingen 29
8%
74/75 Süd Hoffmann Bernd Deutschland Karlsruher_SC 25
5%
78/79 Süd Kirschner Eduard Deutschland SpVgg Fürth 33
5%
78/79 Nord Mödrath Karl Heinz Deutschland SC Fortuna Köln 28
5%
80/81 Süd Neumann Horst Deutschland SV Darmstadt 98 26
5%
75/76 Nord Stolzenburg Norbert Deutschland Tennis Borussia Berlin 27
5%
Keine übereinstimmenden Quizze gefunden
Verteilung der Resultate
Anzahl Personen mit jedem Resultat
Perzentil nach korrekt beantworteten Fragen
Ihre Resultats-Entwicklung
Sie haben dieses Quiz noch nicht gespielt